Recenzia vysokoškolských učebných textov Majtánová A. a kol.: Poisťovníctvo.

Vydavateľstvo Ekonóm v Bratislave vydalo v roku 2006 učebné texty autorky A. Majtánovej a kol.: Poisťovníctvo. Publikácia prináša teoretické a základné poznatky z oblasti poisťovníctva. Obsahovo sú texty členené do piatich kapitol.

Saved in:
Bibliographic Details
Main Author: Palacková, Dana
Format: Book Chapter
Language:Slovak
Subjects:
Tags: Add Tag
No Tags, Be the first to tag this record!

MARC

LEADER 00000naa$a2200000$$$4500
001 0044156
005 20230808080115.3
041 0 |a slo 
044 |a SK 
245 1 0 |a Recenzia vysokoškolských učebných textov Majtánová A. a kol.: Poisťovníctvo.  |c Dana Palacková 
520 |a Vydavateľstvo Ekonóm v Bratislave vydalo v roku 2006 učebné texty autorky A. Majtánovej a kol.: Poisťovníctvo. Publikácia prináša teoretické a základné poznatky z oblasti poisťovníctva. Obsahovo sú texty členené do piatich kapitol. 
610 2 0 |a recenzie 
610 2 0 |a učebnice 
610 2 0 |a poisťovníctvo 
610 2 0 |a poistenie 
610 2 0 |a poisťovne komerčné 
100 1 |a Palacková, Dana